Inorganic Semi Micro Qualitative Analysis (Record no. 247543)

MARC details
000 -LEADER
fixed length control field 00453nam a2200181Ia 4500
008 - FIXED-LENGTH DATA ELEMENTS--GENERAL INFORMATION
fixed length control field 240921s9999||||xx |||||||||||||| ||und||
082 ## - DEWEY DECIMAL CLASSIFICATION NUMBER
-- 544 N3
100 ## - MAIN ENTRY--PERSONAL NAME
Personal name Ramunujam V V
245 #0 - TITLE STATEMENT
Title Inorganic Semi Micro Qualitative Analysis
250 ## - EDITION STATEMENT
Edition statement 3rd
260 ## - PUBLICATION, DISTRIBUTION, ETC. (IMPRINT)
Date of publication, distribution, etc 1993
Name of publisher, distributor, etc The National Pub Co,Madras
500 ## - GENERAL NOTE
General note Analysis of Anions
650 ## - SUBJECT ADDED ENTRY--TOPICAL TERM
Topical term or geographic name as entry element Analysis
942 ## - ADDED ENTRY ELEMENTS (KOHA)
Item type Books
Holdings
Withdrawn status Lost status Damaged status Permanent location Current location Shelving location Date acquired Source of acquisition Cost, normal purchase price Full call number Barcode Date last seen Koha item type
      CENTRAL LIBRARY, NOORUL ISLAM CENTRE FOR HIGHER EDUCATION CENTRAL LIBRARY, NOORUL ISLAM CENTRE FOR HIGHER EDUCATION   05/09/2003 Nil 15.00 544 N3 498 09/21/2024 Books
Visitors:
Copyright © 2024 Central Library NICHE.  All rights reserved.